Guidance and control.

Vol. 1 is a selection of technical papers based mainly on ARS Guidance, Control, and Navigation Conference, 1961; v. 2- on American Institute of Aeronautics and Astronautics Guidance and Control Conference, 1963-

Bibliographic Details
Corporate Authors: American Rocket Society, American Institute of Aeronautics and Astronautics, ARS Guidance, Control, and Navigation Conference, American Institute of Aeronautics and Astronautics Guidance and Control Conference
Other Authors: Roberson, Robert E., Farrior, James S., Langford, Robert C., Mundo, Charles J.
Format: Conference Proceeding
Language:English
Published: New York : Academic Press, 1962-
Series:Progress in astronautics and aeronautics ; v. 8.
Progress in astronautics and aeronautics ; v. 13.
Subjects:

MARC

Tag First Indicator Second Indicator Subfields
LEADER 00000cas a2200000 4500
001 in00000052393
005 20151007070123.0
008 760416c19629999nyuuu 0uuua0eng
010 |a  62013119  
035 |a (OCoLC)02115656 
035 |9 AAE3376AM 
040 |a DLC  |c KSU  |d TXA  |d UtOrBLW 
049 |a TXAE  |c 1  |v 1 [359373]  |v 2 [370413]  |c 2  |v 1 [362681]  |c 3  |v 1 [518413] 
050 0 |a TL507  |b .P75 
082 0 |a 629.453 
090 |a TL507  |b .P75 v. 8, etc. 
245 0 0 |a Guidance and control. 
264 1 |a New York :  |b Academic Press,  |c 1962- 
300 |a  volumes :  |b illustrations ;  |c 25 cm. 
336 |a text  |b txt  |2 rdacontent 
337 |a unmediated  |b n  |2 rdamedia 
338 |a volume  |b nc  |2 rdacarrier 
362 0 |a [1]- 
490 1 |a Progress in astronautics and aeronautics 
520 |a Vol. 1 is a selection of technical papers based mainly on ARS Guidance, Control, and Navigation Conference, 1961; v. 2- on American Institute of Aeronautics and Astronautics Guidance and Control Conference, 1963- 
500 |a Editors: volume 1, R. E. Roberson and J. S. Farrior; volume 2- R. C. Langford and C. J. Mundo. 
650 0 |a Space vehicles  |x Guidance systems. 
700 1 |a Roberson, Robert E. 
700 1 |a Farrior, James S. 
700 1 |a Langford, Robert C. 
700 1 |a Mundo, Charles J. 
710 2 |a American Rocket Society. 
710 2 |a American Institute of Aeronautics and Astronautics. 
711 2 |a ARS Guidance, Control, and Navigation Conference  |d (1961 :  |c Stanford University) 
711 2 |a American Institute of Aeronautics and Astronautics Guidance and Control Conference. 
760 0 |t Progress in astronautics and aeronautics 
830 0 |a Progress in astronautics and aeronautics ;  |v v. 8. 
830 0 |a Progress in astronautics and aeronautics ;  |v v. 13. 
999 |a MARS 
999 f f |s 305a6ee9-a68e-3360-9562-76e654536f95  |i ee399af9-0034-3b7e-94b6-d2b51e860680  |t 0 
952 f f |p ric  |a Texas A&M University  |b Rellis Campus  |c Joint Library Facility  |d Remote Storage  |t 0  |e TL507 .P75 v.8 etc.  |h Library of Congress classification  |i unmediated -- volume  |k v.1=v.8  |l 1961  |m A14851139395 
952 f f |p ric  |a Texas A&M University  |b Rellis Campus  |c Joint Library Facility  |d Remote Storage  |t 0  |e TL507 .P75 v.8 etc.  |h Library of Congress classification  |i unmediated -- volume  |k v.2=v.13  |l 1964  |m A14851139528 
998 f f |a TL507 .P75 v.8 etc.  |s v.2 (1964)=v.13  |t 0  |l Remote Storage